Cases in managerial data analysis
Saved in:
| Main Author: | |
|---|---|
| Format: | Book |
| Language: | English |
| Published: |
Belmont :
Duxbury Press,
c1997
|
| Subjects: | |
| Tags: |
Add Tag
No Tags, Be the first to tag this record!
|
MARC
| LEADER | 00000nam a2200000 i 4500 | ||
|---|---|---|---|
| 001 | 1/93128 | ||
| 008 | 991118s1997 eng d | ||
| 020 | |a 0-534-51721-8 | ||
| 035 | |l 10054302 | ||
| 040 | |a GR-MY-UA |b gre |e aacr | ||
| 041 | 0 | |a eng | |
| 082 | 0 | |a 658.4033 | |
| 100 | 1 | |a Carlson, William L. |q (William Lee) |d 1938- | |
| 245 | 1 | 0 | |a Cases in managerial data analysis / |c William L. Clarson |
| 260 | |a Belmont : |b Duxbury Press, |c c1997 | ||
| 300 | |a xii, 145 p. | ||
| 650 | 0 | 0 | |a Management |x Statistical methods |x Case studies. |
| 650 | 0 | 0 | |a Problem solving |x Statistical methods |x Case studies. |
| 852 | |a INST |b CHIOS |e 19991118 |h 658.4033 CAR |p 005200019552 |q 005200019552 |t BK |y 0 | ||
| 901 | |a BIBL2-1999-3 | ||
| 909 | |a Χ |b 070129 | ||
| 922 | |a 2ΕΛΗ |b 199911 |c ΤΝΕΥ |d ΠΑΠΑΣΩΤΗΡΙΟΥ | ||
| 950 | |a 125-1999-07-15 | ||
| 970 | |a ΣΠΕΝΤΖΑ |b ΕΛΕΝΗ |z 1999/11/22 | ||